Loading...
Science - Physics | 1 | 3 | 0 | 2 | 45 | 46 | 96.75 | 1 | 3 |
History - American History | 1 | 2 | 0 | 0 | 35 | 69 | 89.67 | 1 | 3 |
Science - Other Science | 1 | 2 | 1 | 2 | 30 | 64 | 91.67 | 0 | 2 |
History - World History | 1 | 1 | 0 | 1 | 25 | 49 | 85.50 | 0 | 1 |
Auditory Arts | 0 | 2 | 0 | 1 | 20 | 76 | 106.00 | 0 | 2 |
History - European History | 0 | 2 | 1 | 0 | 15 | 71 | 96.00 | 0 | 2 |
Social Science | 0 | 2 | 1 | 1 | 15 | 116 | 116.50 | 0 | 1 |
Science - Chemistry | 0 | 1 | 0 | 1 | 10 | 127 | 127.00 | 0 | 1 |
Beliefs | 0 | 1 | 0 | 0 | 10 | 124 | 124.00 | 0 | 1 |
Visual Arts | 0 | 1 | 0 | 1 | 10 | 140 | 140.00 | 0 | 0 |
Current Events | 0 | 0 | 0 | 0 | 0 | 0.00 | 0 | 0 |